LIBRARY & INFORMATION CENTRE, KCAET, TAVANUR

ONLINE PUBLIC ACCESS CATALOGUE (OPAC)

Anuragini / (Record no. 6432)

MARC details
000 -LEADER
fixed length control field 00430cam a2200181ua 4500
041 ## - LANGUAGE CODE
Language code of text/sound track or separate title hin
082 ## - DEWEY DECIMAL CLASSIFICATION NUMBER
Classification number 891.54
Item number GOV/AN
100 ## - MAIN ENTRY--AUTHOR NAME
Personal name Govind Vallab, Pant .
245 ## - TITLE STATEMENT
Title Anuragini /
250 ## - EDITION STATEMENT
Edition statement 2 /
260 ## - PUBLICATION, DISTRIBUTION, ETC. (IMPRINT)
Place of publication Lucknow :
Name of publisher Shivaji Book Depot ,
Year of publication 1961.
300 ## - PHYSICAL DESCRIPTION
Number of Pages 384 ; .
942 ## - ADDED ENTRY ELEMENTS (KOHA)
Koha item type Books
Holdings
Withdrawn status Lost status Damaged status Home library Current library Date acquired Full call number Accession Number Koha item type
Withdrawn     KAUAET KAUAET 07/04/2012 891.54 6275 Books
free website counter